[Event "Vaujany"]
[Site "?"]
[Date "2012.07.16"]
[Round "5.12"]
[White "Kurayan, Ruslan"]
[Black "Juhasz, Kristof"]
[Result "1/2-1/2"]
[WhiteElo "2318"]
[BlackElo "2365"]
[PlyCount "46"]
[SourceDate "2012.07.12"]

1. e4 c6 2. d4 d5 3. exd5 cxd5 4. c4 Nf6 5. Nc3 Nc6 6. Nf3 Bg4 7. cxd5 Nxd5 8.
Qb3 Bxf3 9. gxf3 e6 10. Qxb7 Nxd4 11. Bb5+ Nxb5 12. Qc6+ Ke7 13. Qxb5 Nxc3 14.
bxc3 Rb8 15. Qc5+ Ke8 16. Qxa7 Bd6 17. Qa4+ Qd7 18. Qxd7+ Kxd7 19. Bd2 Rb2 20.
Bc1 Rbb8 21. Bd2 Rb2 22. Bc1 Rbb8 23. Bd2 Rb2 1/2-1/2

[Event "Vaujany"]
[Site "?"]
[Date "2012.07.16"]
[Round "5.13"]
[White "Frick, Christoph"]
[Black "Di Nicolantonio, Lucas"]
[Result "1/2-1/2"]
[WhiteElo "2258"]
[BlackElo "2321"]
[PlyCount "114"]
[EventDate "2012.07.20"]
[SourceDate "2012.07.12"]

1. e4 c5 2. Nc3 Nc6 3. g3 g6 4. Bg2 Bg7 5. d3 d6 6. Nh3 e5 7. O-O Nge7 8. f4
Nd4 9. Rf2 h6 10. Be3 Be6 11. g4 exf4 12. Nxf4 Qd7 13. h3 h5 14. gxh5 gxh5 15.
Ncd5 Bxd5 16. c3 Be6 17. cxd4 cxd4 18. Bd2 O-O-O 19. Nxe6 Qxe6 20. Qa4 Kb8 21.
Raf1 Rdf8 22. e5 Bxe5 23. Qb5 b6 24. Qa6 Nd5 25. Qc4 Rhg8 26. Kh1 Rxg2 27. Kxg2
Rg8+ 28. Kf3 Rg3+ 29. Ke2 Bf4+ 30. Kd1 Bxd2 31. Kxd2 Ne3 32. Qxd4 Nxf1+ 33.
Rxf1 Rg2+ 34. Kc3 d5 35. Rf6 Qc8+ 36. Kb4 Qc5+ 37. Qxc5 bxc5+ 38. Kxc5 Rxb2 39.
Kxd5 Rxa2 40. Rxf7 Ra3 41. Kc4 Ra4+ 42. Kc5 Ra3 43. Kc4 Ra4+ 44. Kb5 Ra3 45.
Rf3 Kc7 46. Kb4 Ra1 47. Rf5 Rd1 48. Kc3 Rc1+ 49. Kd4 h4 50. Rf4 Ra1 51. Ke3 a5
52. Rxh4 a4 53. Rb4 a3 54. Kd4 a2 55. Ra4 Kb6 56. Kc3 Rc1+ 57. Kb2 Rd1 1/2-1/2

[Event "Vaujany"]
[Site "?"]
[Date "2012.07.16"]
[Round "5.15"]
[White "Roeberg, Frank"]
[Black "Houard, Sebastien"]
[Result "0-1"]
[WhiteElo "2253"]
[BlackElo "2089"]
[PlyCount "82"]
[SourceDate "2012.07.12"]

1. e4 e5 2. Bc4 Nc6 3. Nc3 Nf6 4. d3 Bc5 5. f4 d6 6. Nf3 Bg4 7. Na4 Bb6 8. Nxb6
axb6 9. O-O Nd4 10. c3 Nxf3+ 11. gxf3 Be6 12. Kh1 Bxc4 13. dxc4 Nh5 14. Rg1
exf4 15. Rg4 g5 16. Qd4 Rg8 17. Bd2 Qf6 18. e5 dxe5 19. Re1 Kf8 20. Rxe5 Rd8
21. Rd5 Qxd4 22. Rxd4 Ke7 23. Rg1 Rd6 24. Re4+ Re6 25. Rd4 Rgg6 26. b3 Ng7 27.
Rd5 f5 28. Bc1 Re2 29. Rg2 Re1+ 30. Rg1 Rge6 31. Rd1 Rxd1 32. Rxd1 Re2 33. a4
Ne6 34. Kg1 g4 35. Ba3+ Kf6 36. Rd7 Ng5 37. Rxc7 Nxf3+ 38. Kf1 Rxh2 39. Rxb7 g3
40. Rxb6+ Kg5 41. Bc5 g2+ 0-1

[Event "Vaujany"]
[Site "?"]
[Date "2012.07.16"]
[Round "5.16"]
[White "Skinke, Katrina"]
[Black "Neuhauser, Salome"]
[Result "1-0"]
[WhiteElo "2238"]
[BlackElo "2067"]
[PlyCount "75"]
[SourceDate "2012.07.12"]

1. e4 c5 2. Nf3 d6 3. d4 cxd4 4. Nxd4 Nf6 5. Nc3 a6 6. Bg5 Nbd7 7. f3 g6 8. Qd2
h6 9. Be3 b5 10. Bd3 Bb7 11. a3 Bg7 12. O-O-O Ne5 13. Rhe1 Qc7 14. h4 h5 15.
Kb1 O-O 16. Bh6 Nc4 17. Bxc4 Qxc4 18. g4 e6 19. Nb3 Rfd8 20. Rg1 a5 21. e5 dxe5
22. Qxd8+ Rxd8 23. Rxd8+ Kh7 24. Bxg7 Kxg7 25. Nxa5 Qc5 26. Rf1 Ba6 27. g5 Ng8
28. Rfd1 b4 29. Nb3 Qc4 30. Ne4 Qc7 31. R1d7 Qb6 32. Rd6 Qc7 33. Nbc5 Bb5 34.
axb4 Bc4 35. b3 Bb5 36. c4 Bc6 37. Kb2 Bxe4 38. Nxe6+ 1-0

[Event "Vaujany Principal"]
[Site "Vaujany"]
[Date "2012.07.16"]
[Round "5.17"]
[White "Kormos, Adam"]
[Black "Adam, Gyorgy Sr"]
[Result "1-0"]
[WhiteElo "2193"]
[BlackElo "2066"]
[Annotator "Jean-pierre,LEES"]
[PlyCount "81"]
[SourceDate "2012.07.12"]
[TimeControl "240+2"]

{1024MB, Fritz8.ctg
} 1. e4 c5 2. Nf3 Nc6 3. Bb5 g6 4. O-O Bg7 5. c3 Nf6 6. Qe2
O-O 7. e5 Ne8 8. d4 cxd4 9. cxd4 a6 10. Ba4 d5 11. Nc3 Nc7 12. Bxc6 bxc6 13.
Na4 Bg4 14. h3 Bxf3 15. gxf3 Ne6 16. Rd1 Qc7 17. Be3 Qa5 18. Qc2 Rab8 19. f4
Rb4 20. b3 Bh6 21. Qxc6 Bxf4 22. Rac1 Qb5 23. Qxb5 axb5 24. Nc3 Rd8 25. Rb1
Bxe5 26. dxe5 Rh4 27. Rxd5 Rc8 28. Nxb5 Rxh3 29. Rc1 Ra8 30. a4 Kg7 31. Nc7
Nxc7 32. Rxc7 Rb8 33. Rdd7 Rxb3 34. Rxe7 Rf3 35. e6 g5 36. Rxf7+ Rxf7 37. Rxf7+
Kg6 38. a5 Ra3 39. Ra7 Kf6 40. e7 Kf7 41. Kg2 1-0

[Event "Vaujany Principal"]
[Site "Vaujany"]
[Date "2012.07.16"]
[Round "5.18"]
[White "Delorme, Laurie"]
[Black "Bach, Anatole"]
[Result "1-0"]
[WhiteElo "2171"]
[BlackElo "2052"]
[Annotator "Jean-pierre,LEES"]
[PlyCount "89"]
[SourceDate "2012.07.12"]
[TimeControl "240+2"]

{1024MB, Fritz8.ctg
} 1. d4 Nf6 2. c4 c5 3. d5 b5 4. Nf3 g6 (4... bxc4 5. Nc3
d6 6. e4 g6 7. Bxc4 Bg7 8. e5 dxe5 9. Nxe5 O-O 10. O-O Nfd7 11. Nxf7 Rxf7 12.
d6 Nb6 13. Bxf7+ Kxf7 14. Nd5 Bb7 15. Nxe7 Be5 16. Qb3+ c4 17. Qh3) 5. Nc3 b4
6. Nb1 d6 7. a3 Qa5 8. Nbd2 Bg7 9. e4 Na6 10. Bd3 O-O 11. O-O Nd7 12. Nb3 Qb6
13. a4 Bb7 14. Qc2 Rae8 15. Be3 Nab8 16. h3 Qd8 17. Qd2 e5 18. Qc2 Qe7 19. Nfd2
Bc8 20. Be2 f5 21. exf5 gxf5 22. Bh5 f4 23. Bxe8 Rxe8 24. Bxc5 Nxc5 25. Nxc5
dxc5 26. Rfe1 Qg5 (26... Qf8 {suivi de Ff5}) 27. Ne4 Qg6 28. Qd3 Bf5 29. d6
Bxe4 (29... Kh8 30. Kh2 Nd7 31. Qf3 Bxe4 32. Qxe4 Qxd6 33. Rad1 Qc7) 30. Rxe4
Qf7 31. Rd1 Rd8 32. Qf3 Nc6 33. Rd5 Nd4 34. Qg4 Qf5 $6 (34... h5 35. Qg5 Ne6)
35. Rdxe5 Qxg4 36. Re8+ Kf7 37. R8e7+ (37. R4e7+ $142 Kg6 38. hxg4 Rxe8 39.
Rxe8 Bf6 40. d7 Nc6 41. Rc8 Nd8 42. b3 Kf7 43. Rxc5) 37... Kg6 38. hxg4 Rxd6
39. Rxa7 Re6 $2 (39... Nc6 $142 40. Ra6 Bxb2 41. Re8 Kf7 42. Re4) 40. Rxe6+
Nxe6 41. Ra6 Kf7 42. a5 Be5 43. Ra7+ Nc7 44. a6 Kg6 45. Rxc7 1-0

[Event "Vaujany Principal"]
[Site "Vaujany"]
[Date "2012.07.16"]
[Round "5.19"]
[White "Adam, Gyorgy Jr"]
[Black "Veys , Vincent"]
[Result "1-0"]
[WhiteElo "2140"]
[BlackElo "2041"]
[Annotator "Jean-pierre,LEES"]
[PlyCount "155"]
[SourceDate "2012.07.12"]
[TimeControl "240+2"]

{1024MB, Fritz8.ctg
} 1. e4 e5 2. Nf3 Nc6 3. Bb5 a6 4. Ba4 Nf6 5. O-O b5 6. Bb3
Bc5 7. d3 d6 8. Nc3 h6 9. h3 O-O 10. Nd5 Na5 11. Nxf6+ Qxf6 12. Bd5 c6 13. Bd2
cxd5 14. Bxa5 d4 15. c3 dxc3 16. bxc3 Ba7 17. a4 bxa4 18. Rxa4 Qg6 19. Kh2 Bd7
20. Ra1 f5 21. Nh4 Qf6 22. Nxf5 Bxf5 23. exf5 Qxf5 24. Kh1 Qe6 25. Qe2 Rf6 26.
f3 Qd7 27. Qe4 Rb8 28. Bb4 Kh8 29. Ra5 (29. Rxa6 d5 30. Rxa7 Qxa7 31. Qxd5 Re8)
29... Rb5 30. Qa8+ Rb8 31. Qd5 Rb5 32. Rxb5 Qxb5 33. Qxb5 axb5 34. Rb1 d5 35.
Ba5 Bb6 36. Rxb5 Bxa5 37. Rxa5 Rc6 38. Ra3 (38. Rxd5 Rxc3) 38... Rb6 39. Kh2
Rb2 40. Ra5 Rb3 41. d4 Rxc3 42. dxe5 d4 43. Rd5 Re3 44. f4 d3 45. Kg1 g5 46.
fxg5 hxg5 47. Kf2 Re2+ 48. Kf3 Kg7 49. e6 Kf6 50. Rd6 Re5 51. e7+ Kxe7 52. Rxd3
Ra5 53. Kg4 Kf6 54. Kh5 Kg7 55. Rf3 Rb5 56. g4 Ra5 57. Rf5 Ra6 58. Rxg5+ Kh7
59. Kh4 Ra3 60. Rb5 Ra6 61. Kg5 Rg6+ 62. Kf5 Rh6 63. Rb3 Kg7 64. g5 Ra6 65.
Rb7+ Kg8 66. g6 Ra5+ 67. Kf6 Ra6+ 68. Kg5 Ra5+ 69. Kh6 Ra8 70. Rb6 Rc8 71. h4
Ra8 72. h5 Rc8 73. Kg5 Rc5+ 74. Kf6 Rc8 75. h6 Kh8 76. Re6 Rf8+ 77. Kg5 Rb8 78.
h7 1-0

[Event "Vaujany Principal"]
[Site "Vaujany"]
[Date "2012.07.16"]
[Round "5.20"]
[White "Vledouts, Sacha"]
[Black "Gonella, Daniele"]
[Result "0-1"]
[WhiteElo "2035"]
[BlackElo "2121"]
[Annotator "Jean-pierre,LEES"]
[PlyCount "84"]
[SourceDate "2012.07.12"]
[TimeControl "240+2"]

{1024MB, Fritz8.ctg
} 1. c4 Nf6 2. Nf3 g6 3. d4 d5 4. Nc3 Bg7 5. cxd5 Nxd5 6.
e4 Nxc3 7. bxc3 c5 8. Be3 Nc6 (8... Qa5 9. Qd2 Nc6 10. Rc1 cxd4 11. cxd4 Qxd2+
12. Kxd2 O-O) 9. Qd2 Qa5 10. Rc1 cxd4 11. cxd4 Qxd2+ 12. Kxd2 O-O 13. Bb5 Rd8 (
13... f5 14. exf5 Bxf5 15. Bxc6 bxc6 16. Rxc6 Rab8 17. Kc3) 14. Bxc6 bxc6 15.
e5 f6 16. Rc5 Be6 17. a4 Bd5 18. Ke2 Rab8 19. Rhc1 Rb2+ 20. R1c2 Rdb8 21. a5
Be4 22. Rxb2 Rxb2+ 23. Kd1 Kf7 24. Ne1 Bf8 25. f3 Bd5 26. Nd3 Rxg2 27. Nb4
Bxf3+ 28. Kc1 Re2 29. Bd2 e6 30. Rxc6 Bxc6 31. Nxc6 fxe5 32. Nxe5+ Rxe5 (32...
Ke8) 33. dxe5 a6 34. Kc2 Ke8 35. Kd3 Kd7 36. Kc4 Kc6 37. h4 Be7 38. Bg5 Bc5 39.
Bd8 Bf2 40. Be7 Be1 41. Kd4 Bxa5 42. Ke4 Bd2 0-1

[Event "Vaujany Principal"]
[Site "Vaujany"]
[Date "2012.07.16"]
[Round "5.21"]
[White "Chauvet, Vincent"]
[Black "Weisz"]
[Result "1-0"]
[WhiteElo "2118"]
[BlackElo "1809"]
[Annotator "Jean-pierre,LEES"]
[PlyCount "81"]
[SourceDate "2012.07.12"]
[TimeControl "240+2"]

{1024MB, Fritz8.ctg
} 1. d4 e6 2. c4 d5 3. Nc3 Nf6 4. cxd5 exd5 5. Bg5 Be7 6.
e3 O-O 7. Bd3 Re8 8. Qc2 Nbd7 9. Nge2 c6 10. f3 Nf8 11. O-O h6 12. Bh4 Ne6 13.
Rad1 b5 14. Kh1 Bb7 15. Bf5 Nf8 16. Bf2 Bd6 17. Bd3 a6 18. e4 dxe4 19. fxe4 Bc7
20. Bh4 g5 21. e5 Nd5 22. Nxd5 cxd5 23. Bg3 Bb6 24. Qd2 Bc8 25. Rf6 Re6 26.
Rdf1 Rxf6 27. Rxf6 Kg7 28. h4 Ne6 29. Bf5 (29. Bf2 $142 Qf8 30. Ng3 Bd8 31.
Nf5+ Kh8 32. Rxh6+ Kg8 33. hxg5 Nxg5 34. Rh5 Bxf5 35. Bxf5 f6 36. Qf4 $18)
29... Qh8 30. Bxe6 (30. Nc3 $142) 30... Bxe6 31. Rf1 Rc8 32. Nc3 Rc4 33. Bf2
Qd8 34. Be3 Qh8 35. Kg1 Bd8 36. hxg5 hxg5 37. Bxg5 Kg6 38. Bxd8 Qxd8 39. Rf6+
Kg7 40. Qg5+ Kf8 41. Rxf7+ 1-0

[Event "Vaujany"]
[Site "?"]
[Date "2012.07.16"]
[Round "5.22"]
[White "Petrone, Gianmario"]
[Black "Mahiouz, Oualid"]
[Result "1/2-1/2"]
[WhiteElo "1930"]
[BlackElo "2096"]
[PlyCount "128"]
[EventDate "2012.07.20"]
[SourceDate "2012.07.12"]

1. e4 c5 2. Nf3 e6 3. d4 cxd4 4. Nxd4 a6 5. Nc3 Qc7 6. Bd3 Nc6 7. Be3 Nf6 8.
O-O d6 9. f4 Nxd4 10. Bxd4 e5 11. Be3 b5 12. Kh1 b4 13. Nd5 Nxd5 14. exd5 f6
15. a3 Bb7 16. Be4 Qc4 17. Qh5+ Ke7 18. Qf3 Kf7 19. b3 Qc3 20. axb4 Qxb4 21.
Ra4 Qb5 22. Bd3 Qd7 23. Qh5+ g6 24. Bxg6+ hxg6 25. Qxh8 Bg7 26. Qh4 Bxd5 27.
Qg3 f5 28. Rd1 Qc6 29. Rb4 exf4 30. Bxf4 a5 31. Ra4 Qxc2 32. Rc1 Qxb3 33. Ra3
Qxg3 34. Rxg3 Be5 35. Rc7+ Ke8 36. Bxe5 dxe5 37. Rxg6 a4 38. Rh7 Rb8 39. Rh8+
Kf7 40. Rxb8 Kxg6 41. Rb5 Bb3 42. Rxe5 a3 43. Ra5 a2 44. Kg1 Kg5 45. Kf2 Kf4
46. g3+ Kg4 47. h4 f4 48. gxf4 Kxh4 49. Kf3 Bd1+ 50. Ke3 Bb3 51. Kd4 Kg4 52.
Ke5 Bc4 53. Ra7 Bb3 54. f5 Bf7 55. Kf6 Bb3 56. Ke5 Bf7 57. f6 Kg5 58. Ra3 Bb3
59. Ra5 Kg6 60. Ra7 Bf7 {(=)} 61. Ra6 Bc4 62. Ra4 Kg5 63. Kd4 Bf7 64. Ra6 a1=Q+
1/2-1/2

[Event "Vaujany"]
[Site "?"]
[Date "2012.07.16"]
[Round "5.23"]
[White "Soyer, Jean-Yves"]
[Black "Deleva, Michael"]
[Result "0-1"]
[WhiteElo "2056"]
[BlackElo "2255"]
[PlyCount "96"]
[EventDate "2012.07.20"]
[SourceDate "2012.07.12"]

1. Nf3 Nf6 2. c4 g6 3. Nc3 Bg7 4. e4 d6 5. d4 O-O 6. Be2 e5 7. Be3 Ng4 8. Bg5
f6 9. Bh4 Nc6 10. d5 Ne7 11. Nd2 f5 12. O-O Bf6 13. Bxf6 Nxf6 14. f4 exf4 15.
Rxf4 g5 16. Rf1 f4 17. e5 dxe5 18. Nf3 Nf5 19. Nxg5 Ne3 20. Qd3 Bf5 21. Nge4
Nxe4 22. Nxe4 Nxf1 23. Rxf1 Rf7 24. Bf3 Qe7 25. Qb3 Bxe4 26. Bxe4 Qc5+ 27. Kh1
Qb6 28. Qc3 Qd4 29. Qxd4 exd4 30. d6 c6 31. Rd1 Re8 32. Rxd4 c5 33. d7 Rd8 34.
Rd3 Rfxd7 35. Bd5+ Kg7 36. Kg1 Kf6 37. Rb3 b6 38. a4 Re7 39. Kf2 Rde8 40. Bf3
Re3 41. Rb5 Rd3 42. a5 Rd2+ 43. Kf1 Re6 44. b4 Rb2 45. bxc5 Rxb5 46. cxb5 bxa5
47. c6 Re7 48. Bg4 a4 0-1

[Event "Vaujany"]
[Site "?"]
[Date "2012.07.16"]
[Round "5.24"]
[White "Stets, Dmitry"]
[Black "Deleva, Mathias"]
[Result "1-0"]
[WhiteElo "2426"]
[BlackElo "2061"]
[PlyCount "49"]
[EventDate "2012.07.20"]
[SourceDate "2012.07.12"]

1. e4 e6 2. d3 d5 3. Nd2 c5 4. Ngf3 Nc6 5. g3 Bd6 6. Bg2 Nge7 7. O-O b6 8. Re1
f6 9. d4 cxd4 10. exd5 exd5 11. Nb3 O-O 12. Nfxd4 Ne5 13. c3 Re8 14. f4 Bg4 15.
Qc2 Nc4 16. Be3 Qd7 17. Nd2 Nxe3 18. Rxe3 Rac8 19. Rae1 b5 20. Qb3 Bc5 21.
Bxd5+ Kf8 22. Be6 Bxd4 23. Bxd7 Bxe3+ 24. Rxe3 Bxd7 25. Nf3 1-0

[Event "Vaujany Principal"]
[Site "Vaujany"]
[Date "2012.07.16"]
[Round "5.25"]
[White "Haver, Bas"]
[Black "Ruecker, Benjamin"]
[Result "0-1"]
[WhiteElo "2021"]
[BlackElo "2260"]
[Annotator "Jean-pierre,LEES"]
[PlyCount "72"]
[SourceDate "2012.07.12"]
[TimeControl "240+2"]

{1024MB, Fritz8.ctg
} 1. e4 c5 2. Nf3 e6 3. d4 cxd4 4. Nxd4 a6 5. Nc3 (5. c4
Nf6 6. Nc3 Bb4) 5... Qc7 6. Be2 Nf6 7. O-O d6 8. Kh1 Be7 9. f4 Nbd7 10. Qe1 b5
11. a3 Bb7 12. Qg3 Nxe4 13. Nxe4 Bxe4 14. Be3 O-O 15. Bg4 Bf6 16. Rad1 Rfe8 17.
Qh3 Nb6 18. f5 e5 19. Ne2 Nc4 20. Bf2 Bxc2 21. Rc1 Nd2 (21... Nxb2) 22. Rfe1
Ne4 23. Bh4 Qe7 24. Rxc2 (24. Bxf6 $4 Nf2+) 24... Bxh4 25. Ng3 Bxg3 26. Rxe4 d5
27. Re3 Bf4 28. Rec3 e4 29. Rc6 Bd6 30. Rf2 Rac8 31. Qc3 Qe5 32. Qxe5 Bxe5 33.
Rfc2 Rxc6 34. Rxc6 d4 35. Rxa6 d3 36. Kg1 Bxb2 0-1

[Event "Vaujany Principal"]
[Site "Vaujany"]
[Date "2012.08.26"]
[Round "5.26"]
[White "Brest, Jean-François"]
[Black "Roche, Yves"]
[Result "1-0"]
[WhiteElo "2046"]
[BlackElo "1956"]
[Annotator "Jean-pierre,LEES"]
[PlyCount "73"]
[SourceDate "2012.07.12"]
[TimeControl "240+2"]

{1024MB, Fritz8.ctg
} 1. d4 Nf6 2. c4 e6 3. g3 d5 4. Nf3 Be7 (4... dxc4 5. Qa4+
(5. Bg2 a6 6. O-O Nc6 7. e3 Bd7 8. Nc3 Bd6 (8... b5 9. Ne5 Nxe5 10. dxe5 Nd5
11. Nxd5 exd5 12. Qxd5 c6 13. Qd4) 9. Qe2 b5 10. e4 e5 11. dxe5 Nxe5 12. Nxe5
Bxe5 13. f4 Bxc3 14. bxc3 c6 15. f5 O-O) 5... Nbd7 6. Bg2 a6 7. Qxc4 b5 8. Qc6
Rb8 9. Bf4 Nd5 10. Bg5 Be7 11. Bxe7 Qxe7 12. Nc3 Bb7 13. Nxd5 Bxc6 14. Nxe7
Kxe7 15. Rc1 Bd5 (15... Rb6 16. O-O Rc8) 16. Rxc7) 5. Bg2 O-O 6. O-O b6 (6...
dxc4) (6... c6) (6... Nbd7) 7. cxd5 (7. Nc3 Bb7) 7... exd5 8. Qc2 c5 9. Nc3 Bb7
10. Bf4 Na6 11. Rad1 Nc7 12. e4 Ne6 (12... Nxe4 13. Nxe4 dxe4 14. dxc5 Qc8 15.
c6 exf3 16. cxb7 Qxb7 17. Qxc7 Qxc7 18. Bxc7 fxg2 19. Kxg2 $11) 13. e5 Nh5 14.
Be3 c4 15. Nd2 f5 16. exf6 (16. f4 Rc8 17. Bf3 g6) (16. Nxc4 Rc8 17. Qe2 (17.
Nd2 f4) 17... Nxg3 (17... Rxc4 18. Qxh5) 18. fxg3 Rxc4) 16... Bxf6 17. Nxc4 Rc8
18. Na3 (18. Ne5 Bxe5 19. dxe5 Qc7 20. Qb3) 18... g6 19. Qb3 Nc7 20. Nab5 Nxb5
21. Qxb5 Kh8 22. Nxd5 a6 23. Qxb6 (23. Qb3 $142 $18) 23... Bxd5 24. Qxd8 Rfxd8
25. Bxd5 Rxd5 26. Rd3 Rc2 27. Rb3 Rb5 28. Ra3 Rbxb2 29. Rxa6 Rxa2 30. Rb6 Rab2
(30... Rc8 $142) 31. Rd6 Be7 32. Rd7 Bb4 (32... Bf8 33. Ra1 Ra2 34. Rb1 Rc8)
33. Bh6 Kg8 34. g4 Nf6 35. Rg7+ Kf8 36. Ra1 Ra2 $4 (36... Bd2 37. Ra8+ Ne8 38.
Rxh7+ Bxh6 39. Rxh6 (39. Rh8+ Kg7 40. Raxe8 Rxf2)) 37. Ra7+ 1-0

[Event "Vaujany Principal"]
[Site "Vaujany"]
[Date "2012.07.16"]
[Round "5.27"]
[White "Laehnwitz, Alexander"]
[Black "N'Guyen, Emilien"]
[Result "1-0"]
[WhiteElo "2031"]
[BlackElo "2027"]
[Annotator "Jean-pierre,LEES"]
[PlyCount "121"]
[SourceDate "2012.07.12"]
[TimeControl "240+2"]

{1024MB, Fritz8.ctg
} 1. e4 c6 2. d4 d5 3. Nc3 dxe4 4. Nxe4 Bf5 5. Ng3 Bg6 6.
Nf3 Nd7 (6... Nf6 7. h4 h6 8. Ne5 Bh7 9. Bd3 Bxd3 10. Qxd3 e6) 7. h4 h6 8. h5
Bh7 9. Bd3 Bxd3 10. Qxd3 Qc7 11. Bd2 e6 12. O-O-O Ngf6 13. Ne4 O-O-O 14. g3
Nxe4 15. Qxe4 Nf6 16. Qe2 Rd5 (16... Bd6 17. c4 c5 18. Bc3 cxd4 19. Nxd4) 17.
Bf4 Bd6 18. Bxd6 Rxd6 19. Ne5 Rhd8 20. c3 Rd5 (20... c5 21. dxc5 Rxd1+ 22. Rxd1
Rxd1+ 23. Kxd1 Qxc5 $11) 21. f4 Qe7 22. g4 Nd7 23. c4 Ra5 24. Kb1 Ra6 25. Rh3
Nxe5 26. dxe5 Rxd1+ 27. Qxd1 c5 28. Rd3 Rc6 29. Kc2 a6 30. Qg1 f6 31. Qe3 fxe5
32. Qxe5 Qf6 33. Qxf6 gxf6 34. Kd2 Rc7 35. Rd6 Re7 36. Ke3 Kc7 37. Rd2 b5 38.
b3 Re8 (38... Rg7 39. Kf3 b4 40. Re2 Kd7) 39. Kf3 Kc6 40. g5 fxg5 41. fxg5 hxg5
42. Kg4 bxc4 43. bxc4 e5 44. h6 e4 45. h7 Rh8 46. Rh2 Kd6 47. Kf5 e3 48. Rh6+
Kd7 49. Kg6 e2 50. Rh1 Kd6 51. Re1 Ke5 52. Rxe2+ Kd4 53. Rc2 g4 54. Kg7 Rc8 55.
h8=Q Rxh8 56. Kxh8 g3 57. Kg7 g2 58. Rxg2 Kxc4 59. Kf6 Kd3 60. Ke5 c4 61. Rg3+
1-0

[Event "Vaujany Principal"]
[Site "Vaujany"]
[Date "2012.07.16"]
[Round "5.28"]
[White "Hodot, Yves"]
[Black "Hoyer, Hans Gerd"]
[Result "1/2-1/2"]
[WhiteElo "1915"]
[BlackElo "2032"]
[Annotator "Jean-pierre,LEES"]
[PlyCount "149"]
[SourceDate "2012.07.12"]
[TimeControl "240+2"]

{1024MB, Fritz8.ctg
} 1. e4 d6 2. f4 Nf6 3. Nc3 c6 4. Be2 Nbd7 5. g4 Nc5 6. d3
e5 7. f5 h6 8. g5 hxg5 9. Bxg5 Be7 10. h4 d5 11. b4 Na6 12. a3 d4 13. Nb1 Bd7
14. Nd2 c5 15. Nc4 Qc7 16. Nf3 cxb4 17. O-O Bd6 18. Nxd6+ Qxd6 19. axb4 Nxb4
20. Qd2 Nc6 21. c3 Nh5 22. cxd4 exd4 23. Rf2 Kf8 24. e5 Qd5 25. e6 Be8 26. Nh2
f6 27. Bf3 Qd6 28. Bxh5 Rxh5 29. Bf4 Qd5 30. Qa2 Rxf5 31. Bd6+ Kg8 32. Rxf5
Qxf5 33. Rf1 Qxd3 34. Ng4 Qg6 (34... Qh3) (34... Bh5) 35. Qg2 f5 36. Ne5 Qxg2+
37. Kxg2 Nxe5 38. Bxe5 d3 39. Kf2 Rd8 40. Ke3 g6 41. Kd2 Bb5 42. Bc3 Re8 43.
Re1 Bc4 44. e7 Kf7 45. Bb4 a5 46. Bd6 b5 47. Re5 Kf6 48. Kc3 a4 49. Re1 Kf7 50.
Re5 Kf6 51. Re1 g5 52. hxg5+ Kxg5 53. Kd4 Kg4 54. Kc3 Kf3 55. Kd2 b4 56. Bxb4
Bb5 57. Re5 Bd7 58. Kxd3 Rb8 59. Kc4 Kg4 60. Bd6 Rc8+ 61. Kd5 Ra8 62. Re3 Be8
63. Rg3+ Kh4 64. Ra3 Ra5+ 65. Kc4 Bf7+ 66. Kb4 Ra6 67. Kc5 Kg5 68. Bc7 f4 69.
Rf3 Rf6 70. e8=Q Bxe8 71. Bd8 Kg4 72. Bxf6 Kxf3 73. Kb4 Ke2 74. Bd4 f3 75. Ka3
1/2-1/2

[Event "Vaujany Principal"]
[Site "Vaujany"]
[Date "2012.07.16"]
[Round "5.29"]
[White "Borderie, David"]
[Black "Abdesselem, Ahmed"]
[Result "0-1"]
[WhiteElo "1986"]
[BlackElo "1875"]
[Annotator "Jean-pierre,LEES"]
[PlyCount "86"]
[SourceDate "2012.07.12"]
[TimeControl "240+2"]

{1024MB, Fritz8.ctg
} 1. Nf3 Nf6 2. c4 g6 3. Nc3 Bg7 4. d4 O-O 5. e4 d6 6. g3
e5 7. Bg2 Nc6 8. d5 Ne7 9. O-O h6 10. c5 Ne8 11. cxd6 cxd6 12. Nd2 f5 13. f3 f4
14. Nc4 Qc7 15. b3 b5 16. Nxb5 Qc5+ 17. Kh1 Qxb5 18. a4 Qd7 19. Ba3 g5 20. Rc1
Ba6 21. Rf2 fxg3 22. hxg3 g4 23. f4 exf4 24. gxf4 Rd8 25. Ne3 h5 26. Rcc2 Bh6
27. e5 Bxf4 28. e6 Qb7 29. Nxg4 Qxb3 30. Nh6+ Bxh6 31. Qxh5 Rxf2 32. Rxf2 Qb1+
33. Kh2 Qg6 34. Qh4 Bg5 35. Qd4 Qh6+ 36. Bh3 Be3 37. Rg2+ Ng7 38. Qg4 Qf4+ 39.
Qxf4 Bxf4+ 40. Kh1 Nxd5 41. Bb2 Be5 42. Bc1 Ne7 43. Be3 Bb7 0-1

[Event "Vaujany Principal"]
[Site "Vaujany"]
[Date "2012.07.16"]
[Round "5.30"]
[White "Gombos, Bettina"]
[Black "Trin, Pierre"]
[Result "1-0"]
[WhiteElo "1966"]
[BlackElo "1858"]
[Annotator "Jean-pierre,LEES"]
[PlyCount "87"]
[SourceDate "2012.07.12"]
[TimeControl "240+2"]

{1024MB, Fritz8.ctg
} 1. e4 c5 2. Nf3 Nc6 3. d4 cxd4 4. Nxd4 e6 5. Nb5 d6 6. c4
a6 7. N5c3 Nf6 8. g3 Be7 9. Bg2 O-O 10. O-O Qc7 11. b3 Rb8 12. Na3 b6 13. Bb2
Bb7 14. Rc1 Nb4 15. Qe2 Nd7 16. Rfd1 Rfd8 17. Nc2 Nxc2 18. Rxc2 Rbc8 19. Rcd2
Nf6 20. Qe3 Rb8 21. Ne2 e5 22. h3 Qc6 23. Nc3 Nd7 24. Nd5 Bf8 25. Qg5 Re8 26.
Ba3 Re6 27. h4 Nf6 28. h5 h6 29. Qf5 Nd7 30. Bh3 Qc8 31. Qf3 Bxd5 32. Rxd5 Rf6
33. Qg4 Re6 34. Bxd6 Rb7 35. Bxf8 Nxf8 36. Qf3 b5 37. Rd8 Qc6 38. Bxe6 Qxe6 39.
R1d6 Qe7 40. Qd1 Kh7 41. Qg4 Ne6 42. Qf5+ g6 43. hxg6+ Kg7 44. Qxe5+ 1-0

[Event "Vaujany Principal"]
[Site "Vaujany"]
[Date "2012.07.16"]
[Round "5.31"]
[White "De Lagontrie, Jean"]
[Black "Hourlier, Claire"]
[Result "0-1"]
[WhiteElo "1868"]
[BlackElo "1964"]
[Annotator "Jean-pierre,LEES"]
[PlyCount "84"]
[SourceDate "2012.07.12"]
[TimeControl "240+2"]

{1024MB, Fritz8.ctg
} 1. d4 Nf6 2. c4 c5 3. d5 e5 4. Nc3 d6 5. e4 Be7 6. h3
Nbd7 7. Nf3 O-O 8. Bd3 Ne8 9. g4 a6 10. a4 b6 11. Be3 Rb8 12. Qd2 Nc7 13. Ke2
Re8 14. Rag1 Nf6 15. Nh2 Bd7 16. f3 b5 17. axb5 axb5 18. cxb5 Nxb5 19. Nxb5
Bxb5 20. Bxb5 Rxb5 21. Ra1 Qb6 22. Ra2 Rb8 23. Rb1 Rb3 24. Nf1 Qb5+ 25. Kf2 Nd7
26. Qc2 Nf8 27. Ng3 Bh4 28. Bc1 Ng6 29. Kg2 Bxg3 30. Kxg3 Qb4 31. Bd2 Qb6 32.
Bc3 Qd8 33. Kh2 Qh4 34. Rg1 Qf6 35. Rg3 h5 36. gxh5 Nf4 37. h6 Qxh6 38. Ra1 Nh5
39. Rag1 Nxg3 40. Rxg3 Qf4 41. Kg2 c4 42. Qf2 Qc1 0-1

[Event "Vaujany Principal"]
[Site "Vaujany"]
[Date "2012.07.16"]
[Round "5.32"]
[White "Haver, Daan"]
[Black "Dubois, Hervé"]
[Result "1-0"]
[WhiteElo "1961"]
[BlackElo "1854"]
[Annotator "Jean-pierre,LEES"]
[PlyCount "49"]
[SourceDate "2012.07.12"]
[TimeControl "240+2"]

{1024MB, Fritz8.ctg
} 1. e4 c5 2. Nf3 d6 3. d4 cxd4 4. Nxd4 Nf6 5. Nc3 a6 6.
Bg5 e6 7. f4 Nc6 8. Nxc6 bxc6 9. e5 h6 10. Bh4 g5 11. fxg5 Nd5 12. Ne4 Qb6 13.
Bd3 Qxb2 14. g6 Ra7 15. O-O Qxe5 16. gxf7+ Rxf7 17. Rxf7 Kxf7 18. c4 Be7 19.
Bg3 Nf4 20. Bxf4 Qxf4 21. Qh5+ Kg7 22. Rf1 Qe3+ 23. Nf2 Qg5 24. Qf3 e5 $4 25.
Nh3 {La dame est perdue} 1-0

[Event "Vaujany"]
[Site "?"]
[Date "2012.07.16"]
[Round "5.33"]
[White "Michel, Stephan"]
[Black "Drillat, Michel"]
[Result "0-1"]
[WhiteElo "1989"]
[BlackElo "1910"]
[PlyCount "80"]
[EventDate "2012.07.20"]
[SourceDate "2012.07.12"]

1. e4 d5 2. exd5 Nf6 3. Bb5+ Bd7 4. Be2 Nxd5 5. d4 Bf5 6. Nf3 e6 7. O-O Be7 8.
a3 O-O 9. c4 Nf6 10. Nc3 c6 11. b4 h6 12. h3 Nbd7 13. Qb3 Ne4 14. Nxe4 Bxe4 15.
Be3 Nf6 16. Nd2 Bf5 17. Bf3 Rb8 18. a4 Qc7 19. Rfc1 Rfc8 20. Qc3 Qd7 21. b5 c5
22. dxc5 Bxc5 23. Nb3 Bxe3 24. Qxe3 Qd3 25. Qxd3 Bxd3 26. Na5 Be4 27. Rd1 Bxf3
28. gxf3 Rc5 29. Rac1 Rbc8 30. Nxb7 Rxc4 31. Rd8+ Rxd8 32. Rxc4 Rd1+ 33. Kg2
Rd7 34. Na5 Nd5 35. Rc8+ Kh7 36. Nc6 Nb6 37. Nxa7 Rxa7 38. Rc6 Nxa4 39. Ra6
Rxa6 40. bxa6 Kg6 0-1